| 000 | 00523nam a2200229Ia 4500 | ||
|---|---|---|---|
| 008 | 171025s9999 xx 000 0 und d | ||
| 020 | _a951727400 | ||
| 050 | _a676.22 | ||
| 050 | _bB642 1991 | ||
| 100 | _aBlanks, Tim | ||
| 245 | _aPaper / | ||
| 245 | _cby Tim Blanks. | ||
| 260 | _aEngland : | ||
| 260 | _bThe body shop international, | ||
| 260 | _c1991 | ||
| 300 | _aunpaged : | ||
| 300 | _bcolored illustrations ; | ||
| 300 | _c21cm. | ||
| 650 | _aPaper. | ||
| 650 | _aPapermaking. | ||
| 700 | _aTitle. | ||
| 999 |
_c344824 _d344824 |
||